000 00306nam a22001337a 4500
008 171005b xxu||||| |||| 00| 0 eng d
020 _a9780262134088
041 _aeng
080 _a159.9
100 _a49
101 _aPSI
245 _aSELF-TRUST AND REPRODUCTIVE AUTONOMY
_cLEOD,C.M
942 _2udc
_cBK
999 _c31997
_d31997